<?xml version="1.0" encoding="UTF-8"?>
<record
    xmlns:xsi="http://www.w3.org/2001/XMLSchema-instance"
    xsi:schemaLocation="http://www.loc.gov/MARC21/slim http://www.loc.gov/standards/marcxml/schema/MARC21slim.xsd"
    xmlns="http://www.loc.gov/MARC21/slim">

  <leader>02886nam a22003137a 4500</leader>
  <controlfield tag="001">8646</controlfield>
  <controlfield tag="003">FISKH</controlfield>
  <controlfield tag="005">20251007145355.0</controlfield>
  <controlfield tag="008">251007b        cb ||||| |||| 00| 0 eng d</controlfield>
  <datafield tag="020" ind1=" " ind2=" ">
    <subfield code="a">9789995099862</subfield>
  </datafield>
  <datafield tag="040" ind1=" " ind2=" ">
    <subfield code="a">FISKH</subfield>
    <subfield code="b">khr</subfield>
    <subfield code="c">FISKH</subfield>
    <subfield code="d">FISKH</subfield>
  </datafield>
  <datafield tag="050" ind1=" " ind2=" ">
    <subfield code="a">PZ7</subfield>
  </datafield>
  <datafield tag="082" ind1=" " ind2=" ">
    <subfield code="a">895.966</subfield>
  </datafield>
  <datafield tag="100" ind1=" " ind2=" ">
    <subfield code="a">Sotheary, Kimsun</subfield>
  </datafield>
  <datafield tag="245" ind1=" " ind2=" ">
    <subfield code="a">&#x1780;&#x17BC;&#x1793;&#x1796;&#x179F;&#x17CB;&#x1780;&#x17C1;&#x1784;&#x1780;&#x1784; :</subfield>
    <subfield code="b">The son of Keng Kang snake / </subfield>
    <subfield code="c">&#x17A2;&#x17D2;&#x1793;&#x1780;&#x179F;&#x17D2;&#x179A;&#x17B8; &#x1782;&#x17B9;&#x1798;&#x179F;&#x17CA;&#x17BB;&#x1793; &#x179F;&#x17BB;&#x1792;&#x17B6;&#x179A;&#x17B8; , &#x1782;&#x178E;&#x17C7;&#x1780;&#x1798;&#x17D2;&#x1798;&#x1780;&#x17B6;&#x179A;&#x17A2;&#x17C6;&#x1793;&#x17B6;&#x1793; &#x1780;&#x1789;&#x17D2;&#x1789;&#x17B6; &#x179C;&#x17C9;&#x17B6;&#x178F; &#x1785;&#x179A;&#x17B7;&#x1799;&#x17B6; &#x1793;&#x17B7;&#x1784; &#x1780;&#x1789;&#x17D2;&#x1789;&#x17B6; &#x1795;&#x17BC; &#x179C;&#x179B;&#x17D2;&#x1781;&#x179C;&#x178C;&#x17D2;&#x178D;&#x1793;&#x17B6;&#x200B;</subfield>
  </datafield>
  <datafield tag="260" ind1=" " ind2=" ">
    <subfield code="a">Phnom Penh : </subfield>
    <subfield code="b">Reading Books , </subfield>
    <subfield code="c">2009.</subfield>
  </datafield>
  <datafield tag="300" ind1=" " ind2=" ">
    <subfield code="a">24 pages : </subfield>
    <subfield code="b">color illustrations ; </subfield>
    <subfield code="c">25 cm . </subfield>
  </datafield>
  <datafield tag="490" ind1=" " ind2=" ">
    <subfield code="a">&#x1796;&#x17B7;&#x1797;&#x1796;&#x179A;&#x17BF;&#x1784;&#x1793;&#x17B7;&#x1791;&#x17B6;&#x1793;</subfield>
  </datafield>
  <datafield tag="505" ind1=" " ind2=" ">
    <subfield code="a">K 
</subfield>
  </datafield>
  <datafield tag="520" ind1=" " ind2=" ">
    <subfield code="a">&#x179B;&#x17D2;&#x179C;&#x17B6;&#x1785;&#x17C1;&#x1780;&#x1782;&#x17BA;&#x1787;&#x17B6;&#x1798;&#x17D2;&#x178F;&#x17B6;&#x1799;&#x1785;&#x17BB;&#x1784;&#x179A;&#x1794;&#x179F;&#x17CB;&#x179F;&#x17BC;&#x179A;&#x17B7;&#x1799;&#x17B6;&#x17D4; &#x1798;&#x17D2;&#x178F;&#x17B6;&#x1799;&#x179A;&#x1794;&#x179F;&#x17CB;&#x1793;&#x17B6;&#x1784;&#x1798;&#x17B7;&#x1793;&#x1785;&#x17BC;&#x179B;&#x1785;&#x17B7;&#x178F;&#x17D2;&#x178F;&#x1793;&#x17B6;&#x1784; &#x17A0;&#x17BE;&#x1799;&#x1785;&#x1784;&#x17CB;&#x17B2;&#x17D2;&#x1799;&#x1793;&#x17B6;&#x1784;&#x1785;&#x17C1;&#x1789;&#x1796;&#x17B8;&#x1795;&#x17D2;&#x1791;&#x17C7;&#x17D4;
&#x1790;&#x17D2;&#x179B;&#x17C2;&#x1784;&#x1796;&#x17B8;&#x1780;&#x17BC;&#x1793;&#x1796;&#x179F;&#x17CB;&#x1780;&#x17C1;&#x1784;&#x1780;&#x1784;&#x178F;&#x17BC;&#x1785;&#x1798;&#x17BD;&#x1799;&#x178A;&#x17C2;&#x179B;&#x179B;&#x17B6;&#x1780;&#x17CB;&#x1781;&#x17D2;&#x179B;&#x17BD;&#x1793;&#x1793;&#x17C5;&#x1780;&#x17D2;&#x1793;&#x17BB;&#x1784;&#x179A;&#x17BC;&#x1784; &#x17A0;&#x17BE;&#x1799;&#x17A2;&#x17B6;&#x1785;&#x1794;&#x1798;&#x17D2;&#x179B;&#x17C2;&#x1784;&#x1781;&#x17D2;&#x179B;&#x17BD;&#x1793;&#x1791;&#x17C5;&#x1787;&#x17B6;&#x1794;&#x17BB;&#x179A;&#x179F;&#x179F;&#x17D2;&#x17A2;&#x17B6;&#x178F;&#x1794;&#x17B6;&#x1793;&#x17D4;
&#x1782;&#x17B6;&#x178F;&#x17CB;&#x1780;&#x17C6;&#x1796;&#x17BB;&#x1784;&#x1787;&#x17B7;&#x17C7;&#x1791;&#x17BC;&#x1780; &#x1796;&#x17C1;&#x179B;&#x178A;&#x17C2;&#x179B;&#x1794;&#x17B6;&#x1793;&#x1787;&#x17BD;&#x1794;&#x179F;&#x17BC;&#x179A;&#x17B7;&#x1799;&#x17B6; &#x178A;&#x17C2;&#x179B;&#x1780;&#x17C6;&#x1796;&#x17BB;&#x1784;&#x179B;&#x17C4;&#x178F;&#x179B;&#x1784;&#x17CB;&#x1791;&#x17B9;&#x1780;  &#x17A0;&#x17BE;&#x1799;&#x1796;&#x17BD;&#x1780;&#x1782;&#x17C1;&#x1794;&#x17B6;&#x1793;&#x179F;&#x17D2;&#x179A;&#x179B;&#x17B6;&#x1789;&#x17CB;&#x1782;&#x17D2;&#x1793;&#x17B6;&#x17D4;
&#x1798;&#x17D2;&#x178F;&#x17B6;&#x1799;&#x179A;&#x1794;&#x179F;&#x17CB;&#x1793;&#x17B6;&#x1784;&#x1798;&#x17B7;&#x1793;&#x179F;&#x1794;&#x17D2;&#x1794;&#x17B6;&#x1799;&#x1785;&#x17B7;&#x178F;&#x17D2;&#x178F; &#x1793;&#x17B7;&#x1784;&#x1785;&#x1784;&#x17CB;&#x17B2;&#x17D2;&#x1799;&#x1782;&#x17B6;&#x178F;&#x17CB;&#x178F;&#x17D2;&#x179A;&#x17A1;&#x1794;&#x17CB;&#x1791;&#x17C5;&#x179F;&#x178F;&#x17D2;&#x179C;&#x1796;&#x179F;&#x17CB;&#x179C;&#x17B7;&#x1789; &#x178A;&#x17BC;&#x1785;&#x17D2;&#x1793;&#x17C1;&#x17C7;&#x1793;&#x17B6;&#x1784;&#x1794;&#x17B6;&#x1793;&#x17B2;&#x17D2;&#x1799;&#x1782;&#x17B6;&#x178F;&#x17CB;&#x1795;&#x17B9;&#x1780;&#x1790;&#x17D2;&#x1793;&#x17B6;&#x17C6;&#x1798;&#x17BD;&#x1799; &#x178A;&#x17C2;&#x179B;&#x1794;&#x17B6;&#x1793;&#x1794;&#x1798;&#x17D2;&#x179B;&#x17C2;&#x1784;&#x1782;&#x17B6;&#x178F;&#x17CB;&#x1791;&#x17C5;&#x1787;&#x17B6;&#x1796;&#x179F;&#x17CB;&#x1797;&#x17D2;&#x179B;&#x17B6;&#x1798;&#x17D7;&#x17D4;
&#x179F;&#x17BC;&#x179A;&#x17B7;&#x1799;&#x17B6;&#x1794;&#x17B6;&#x1793;&#x1799;&#x17C6; &#x1796;&#x17C1;&#x179B;&#x178A;&#x17C2;&#x179B;&#x1794;&#x17B6;&#x1793;&#x1783;&#x17BE;&#x1789;&#x1794;&#x17D2;&#x178A;&#x17B8;&#x179A;&#x1794;&#x179F;&#x17CB;&#x1793;&#x17B6;&#x1784;&#x1793;&#x17C5;&#x1780;&#x17D2;&#x1793;&#x17BB;&#x1784;&#x179F;&#x17D2;&#x1790;&#x17B6;&#x1793;&#x1797;&#x17B6;&#x1796;&#x178A;&#x17BC;&#x1785;&#x17D2;&#x1793;&#x17C1;&#x17C7;&#x17D4;</subfield>
  </datafield>
  <datafield tag="520" ind1=" " ind2=" ">
    <subfield code="a">Lvea Chek is Sorya&#x2019;s stepmother. Her stepmother doesn&#x2019;t like her and wants her to leave the house.
Let's talk about a baby snake hiding in a cave that can transform itself into a handsome man.
He was sailing when he met Sorya, who was drowning, and they fell in love.
Her stepmother was unhappy and wanted him to turn back into a snake, so she gave him medicine that immediately transformed him into a snake.
Sorya cried when she saw her husband like this.</subfield>
  </datafield>
  <datafield tag="521" ind1="8" ind2=" ">
    <subfield code="a">510 
</subfield>
    <subfield code="b">Lexile estimate 
</subfield>
  </datafield>
  <datafield tag="521" ind1="8" ind2=" ">
    <subfield code="a">K 
</subfield>
    <subfield code="b">Raz-Plus 
</subfield>
  </datafield>
  <datafield tag="650" ind1=" " ind2=" ">
    <subfield code="a">&#x1780;&#x17BC;&#x1793;&#x1796;&#x179F;&#x17CB;&#x1780;&#x17C1;&#x1784;&#x1780;&#x1784;</subfield>
    <subfield code="v">&#x17A2;&#x1780;&#x17D2;&#x179F;&#x179A;&#x179F;&#x17B7;&#x179B;&#x17D2;&#x1794;&#x17CF;&#x1781;&#x17D2;&#x1798;&#x17C2;&#x179A; </subfield>
  </datafield>
  <datafield tag="650" ind1=" " ind2=" ">
    <subfield code="a">The son of Keng Kang snake </subfield>
    <subfield code="v">Khmer Literature </subfield>
  </datafield>
  <datafield tag="700" ind1=" " ind2=" ">
    <subfield code="a">San , Thai</subfield>
    <subfield code="e">Illustrator</subfield>
  </datafield>
  <datafield tag="942" ind1=" " ind2=" ">
    <subfield code="2">ddc</subfield>
    <subfield code="c">KHB</subfield>
    <subfield code="n">0</subfield>
  </datafield>
  <datafield tag="999" ind1=" " ind2=" ">
    <subfield code="c">8646</subfield>
    <subfield code="d">8646</subfield>
  </datafield>
  <datafield tag="952" ind1=" " ind2=" ">
    <subfield code="0">0</subfield>
    <subfield code="1">0</subfield>
    <subfield code="2">ddc</subfield>
    <subfield code="4">0</subfield>
    <subfield code="7">0</subfield>
    <subfield code="8">Khmer-English Bilingual </subfield>
    <subfield code="a">002</subfield>
    <subfield code="b">002</subfield>
    <subfield code="c">TTP Khmer</subfield>
    <subfield code="d">2025-10-07</subfield>
    <subfield code="l">0</subfield>
    <subfield code="o">SOT PZ7 895.966</subfield>
    <subfield code="p">FISBK03825</subfield>
    <subfield code="r">2025-10-07 14:53:52</subfield>
    <subfield code="t">1</subfield>
    <subfield code="w">2025-10-07</subfield>
    <subfield code="y">KHB</subfield>
  </datafield>
  <datafield tag="952" ind1=" " ind2=" ">
    <subfield code="0">0</subfield>
    <subfield code="1">0</subfield>
    <subfield code="2">ddc</subfield>
    <subfield code="4">0</subfield>
    <subfield code="7">0</subfield>
    <subfield code="8">Khmer-English Bilingual </subfield>
    <subfield code="a">002</subfield>
    <subfield code="b">002</subfield>
    <subfield code="c">TTP Khmer</subfield>
    <subfield code="d">2025-10-09</subfield>
    <subfield code="l">0</subfield>
    <subfield code="o">SOT PZ7 895.966</subfield>
    <subfield code="p">FISBK03863</subfield>
    <subfield code="r">2025-10-09 14:22:53</subfield>
    <subfield code="t">2</subfield>
    <subfield code="w">2025-10-09</subfield>
    <subfield code="y">KHB</subfield>
  </datafield>
  <datafield tag="952" ind1=" " ind2=" ">
    <subfield code="0">0</subfield>
    <subfield code="1">0</subfield>
    <subfield code="2">ddc</subfield>
    <subfield code="4">0</subfield>
    <subfield code="7">0</subfield>
    <subfield code="8">Khmer-English Bilingual </subfield>
    <subfield code="a">002</subfield>
    <subfield code="b">002</subfield>
    <subfield code="c">TTP Khmer</subfield>
    <subfield code="d">2025-11-21</subfield>
    <subfield code="l">0</subfield>
    <subfield code="o">SOT PZ7 895.966</subfield>
    <subfield code="p">2025-4869</subfield>
    <subfield code="r">2025-11-21 09:59:50</subfield>
    <subfield code="t">3</subfield>
    <subfield code="w">2025-11-21</subfield>
    <subfield code="y">KHB</subfield>
  </datafield>
  <datafield tag="952" ind1=" " ind2=" ">
    <subfield code="0">0</subfield>
    <subfield code="1">0</subfield>
    <subfield code="2">ddc</subfield>
    <subfield code="4">0</subfield>
    <subfield code="7">0</subfield>
    <subfield code="8">Khmer-English Bilingual </subfield>
    <subfield code="a">002</subfield>
    <subfield code="b">002</subfield>
    <subfield code="c">TTP Khmer</subfield>
    <subfield code="d">2025-11-21</subfield>
    <subfield code="l">0</subfield>
    <subfield code="o">SOT PZ7 895.966</subfield>
    <subfield code="p">2025-4877</subfield>
    <subfield code="r">2025-11-21 11:29:24</subfield>
    <subfield code="t">4</subfield>
    <subfield code="w">2025-11-21</subfield>
    <subfield code="y">KHB</subfield>
  </datafield>
  <datafield tag="952" ind1=" " ind2=" ">
    <subfield code="0">0</subfield>
    <subfield code="1">0</subfield>
    <subfield code="2">ddc</subfield>
    <subfield code="4">0</subfield>
    <subfield code="7">0</subfield>
    <subfield code="8">Khmer-English Bilingual </subfield>
    <subfield code="a">002</subfield>
    <subfield code="b">002</subfield>
    <subfield code="c">TTP Khmer</subfield>
    <subfield code="d">2025-11-27</subfield>
    <subfield code="l">0</subfield>
    <subfield code="o">SOT PZ7 895.966</subfield>
    <subfield code="p">2025-4929</subfield>
    <subfield code="r">2025-11-27 10:44:26</subfield>
    <subfield code="t">5</subfield>
    <subfield code="w">2025-11-27</subfield>
    <subfield code="y">KHB</subfield>
  </datafield>
  <datafield tag="952" ind1=" " ind2=" ">
    <subfield code="0">0</subfield>
    <subfield code="1">0</subfield>
    <subfield code="2">ddc</subfield>
    <subfield code="4">0</subfield>
    <subfield code="7">0</subfield>
    <subfield code="8">Khmer-English Bilingual </subfield>
    <subfield code="a">002</subfield>
    <subfield code="b">002</subfield>
    <subfield code="c">TTP Khmer</subfield>
    <subfield code="d">2025-11-27</subfield>
    <subfield code="l">0</subfield>
    <subfield code="o">SOT PZ7 895.966</subfield>
    <subfield code="p">2025-4930</subfield>
    <subfield code="r">2025-11-27 10:44:49</subfield>
    <subfield code="t">6</subfield>
    <subfield code="w">2025-11-27</subfield>
    <subfield code="y">KHB</subfield>
  </datafield>
  <datafield tag="952" ind1=" " ind2=" ">
    <subfield code="0">0</subfield>
    <subfield code="1">0</subfield>
    <subfield code="2">ddc</subfield>
    <subfield code="4">0</subfield>
    <subfield code="7">0</subfield>
    <subfield code="8">Khmer-English Bilingual </subfield>
    <subfield code="a">002</subfield>
    <subfield code="b">002</subfield>
    <subfield code="c">TTP Khmer</subfield>
    <subfield code="d">2025-11-27</subfield>
    <subfield code="l">0</subfield>
    <subfield code="o">SOT PZ7 895.966</subfield>
    <subfield code="p">2025-4937</subfield>
    <subfield code="r">2025-11-27 10:55:51</subfield>
    <subfield code="t">7</subfield>
    <subfield code="w">2025-11-27</subfield>
    <subfield code="y">KHB</subfield>
  </datafield>
</record>
